[Event "Lilla Elite Hotels Open 2015"]
[Site "Elite Stadshotellet, Vaxjo"]
[Date "2015.02.13"]
[Round "1.1"]
[White "Fahradin, Bear"]
[Black "Sahak, Sanjar"]
[Result "1-0"]
[WhiteElo "1221"]
[BlackElo "1710"]

1.e4 b6 2.d4 Bb7 3.Nc3 e6 4.Nf3 Bb4 5.Bd3 d5 6.e5 Ba6 7.O-O Bxd3 8.Qxd3 
Ne7 9.Bg5 O-O 10.Bh4 c5 11.Qb5 Bxc3 12.bxc3 c4 13.Qb1 Qc7 14.Qc1 Ng6 15.
Qg5 Nxh4 16.Qxh4 f6 17.exf6 Rxf6 18.Ne5 Nd7 19.Rae1 Raf8 20.Re2 Rf5 21.
Rfe1 Rf4 22.Qe7 Rd8 23.Qxe6+ Kh8 24.Nf7+ Rxf7 25.Qxf7 h6 26.Re8+ Rxe8 27.
Rxe8+ Kh7 28.Qf5+ g6 29.Qf7# 1-0

[Event "Lilla Elite Hotels Open 2015"]
[Site "Elite Stadshotellet, Vaxjo"]
[Date "2015.02.13"]
[Round "1.2"]
[White "Dale, Svein"]
[Black "Lindborg, Lukas"]
[Result "1-0"]
[WhiteElo "1709"]
[BlackElo "1207"]

1.e4 c5 2.Nf3 d6 3.c3 Nc6 4.d4 cxd4 5.cxd4 Nf6 6.Nc3 g6 7.d5 Ne5 8.Nxe5 
dxe5 9.h3 Bg7 10.Bb5+ Bd7 11.Bxd7+ Nxd7 12.O-O O-O 13.f4 exf4 14.Bxf4 a6 
15.Kh1 Ne5 16.Rc1 Rc8 17.Qe2 b5 18.Rfd1 b4 19.Na4 Rxc1 20.Rxc1 a5 21.Nc5 
Nd7 22.Nxd7 Qxd7 23.Rc7 Qa4 24.b3 Qa3 25.Bc1 Qxc1+ 26.Rxc1 Ra8 27.e5 a4 
28.d6 Bf8 29.d7 axb3 30.axb3 e6 31.Rc8 Rxc8 32.dxc8=Q Kg7 33.Qf2 f6 34.
Qxf6+ Kh6 35.Qcxf8+ Kh5 36.g4# 1-0

[Event "Lilla Elite Hotels Open 2015"]
[Site "Elite Stadshotellet, Vaxjo"]
[Date "2015.02.13"]
[Round "1.3"]
[White "Jernberg, Christopher"]
[Black "Sjodin, Filip"]
[Result "0-1"]
[WhiteElo "1196"]
[BlackElo "1615"]

1.e4 c5 2.Nf3 d6 3.Bd3 Nc6 4.c3 Nf6 5.Bc2 g6 6.d3 Bg7 7.Bg5 O-O 8.Nbd2 a6 
9.O-O b5 10.d4 cxd4 11.cxd4 Bb7 12.Bxf6 Bxf6 13.d5 Ne5 14.Nxe5 Bxe5 15.Rb1
Rc8 16.Nf3 Bg7 17.Qd3 Qc7 18.Rfc1 Qc4 19.b3 Qxd3 20.Bxd3 e6 21.Rxc8 Rxc8 
22.dxe6 fxe6 23.Ng5 d5 24.Nxe6 dxe4 25.Nxg7 exd3 26.Rd1 Kxg7 27.h3 Rd8 28.
Kf1 Kf6 29.f3 Ke5 30.Kf2 Kd4 31.h4 Rc8 32.Ke1 Ke3 33.Rd2 Rc1+ 34.Rd1 d2+ 
0-1

[Event "Lilla Elite Hotels Open 2015"]
[Site "Elite Stadshotellet, Vaxjo"]
[Date "2015.02.13"]
[Round "1.4"]
[White "Johansson, Krister"]
[Black "Morell, Ludvig"]
[Result "1/2-1/2"]
[WhiteElo "1575"]
[BlackElo "1178"]

1.Nf3 Nc6 2.g3 e5 3.d3 d5 4.Bg2 Nf6 5.O-O Bc5 6.Nbd2 O-O 7.e4 dxe4 8.dxe4 
Nd4 9.c3 Nxf3+ 10.Qxf3 Bg4 11.Nc4 Bxf3 12.Bxf3 Qd3 13.Nxe5 Qd6 14.Nc4 Qd8 
15.Bg5 h6 16.Rad1 Qe7 17.e5 hxg5 18.exf6 Qxf6 19.Bxb7 Rab8 20.Bg2 Rbd8 21.
Rde1 Rfe8 22.Ne3 Bxe3 23.fxe3 Qb6 24.Rf3 Qxb2 25.Ref1 Rf8 26.R3f2 Qxc3 27.
Rf3 Rde8 28.e4 Qd4+ 29.Kh1 Rxe4 30.Rf5 Re5 31.R5f2 Rfe8 32.Rxf7 Re1 33.
Rxc7 Rxf1+ 34.Bxf1 Rf8 35.Bc4+ Qxc4 36.Rxc4 Rf1+ 37.Kg2 Rb1 38.Rc7 Rb2+ 
39.Kh3 Rxa2 40.Rc8+ Kh7 41.Rc6 a6 42.Kg4 g6 43.Kxg5 Ra5+ 44.Kg4 Rh5 45.h4 
Ra5 1/2-1/2

[Event "Lilla Elite Hotels Open 2015"]
[Site "Elite Stadshotellet, Vaxjo"]
[Date "2015.02.13"]
[Round "1.5"]
[White "Kastrati, Anton"]
[Black "Sandgren, Per-Olov"]
[Result "0-1"]
[WhiteElo "1170"]
[BlackElo "1555"]

1.e4 e5 2.Nf3 Nc6 3.d4 exd4 4.Nxd4 Bc5 5.Be3 d6 6.Nxc6 bxc6 7.Bxc5 dxc5 8.
Qxd8+ Kxd8 9.Bc4 Be6 10.Na3 Rb8 11.O-O-O+ Ke7 12.Bxe6 fxe6 13.Nc4 Rb4 14.
b3 Nf6 15.f3 Rd8 16.Ne5 Rb6 17.Rxd8 Kxd8 18.Rd1+ Ke7 19.Nc4 Rb8 20.Ne5 Rb4
21.Nxc6+ Kf7 0-1

[Event "Lilla Elite Hotels Open 2015"]
[Site "Elite Stadshotellet, Vaxjo"]
[Date "2015.02.13"]
[Round "1.7"]
[White "Forsberg, Andre"]
[Black "Kullberg, Jesper"]
[Result "1-0"]
[WhiteElo "1510"]
[BlackElo "1127"]

1.e4 e5 2.Nf3 Nc6 3.Bc4 Nf6 4.Ng5 d5 5.exd5 Nxd5 6.Qf3 Be6 7.Nxe6 fxe6 8.
d3 h6 9.Qh5+ Kd7 10.Bb5 Bd6 11.a3 a6 12.Qf7+ Qe7 13.Bxc6+ bxc6 14.Qxe7+ 
Kxe7 15.O-O Rhf8 16.c4 Nf6 17.b4 c5 18.Be3 cxb4 19.c5 Ne8 20.axb4 Kd8 21.
cxd6 Nxd6 22.Bc5 Kd7 23.Nc3 Rf7 24.Bxd6 cxd6 25.b5 Rc8 26.bxa6 Rxc3 27.a7 
Rf8 28.a8=Q Rxa8 29.Rxa8 Rxd3 30.Ra7+ Kc6 31.Rc1+ Kd5 32.Rxg7 Kd4 33.Rg4+ 
Kd5 34.f3 h5 35.Rh4 Ra3 36.Rxh5 Kd4 37.Rd1+ Ke3 38.h3 Rd3 39.Rxd3+ Kxd3 
40.Rh6 d5 41.Rxe6 d4 42.Rxe5 Kc2 43.Rd5 d3 44.h4 d2 45.h5 d1=Q+ 46.Rxd1 
Kxd1 47.h6 1-0

[Event "Lilla Elite Hotels Open 2015"]
[Site "Elite Stadshotellet, Vaxjo"]
[Date "2015.02.13"]
[Round "1.8"]
[White "Fredriksson, Erling"]
[Black "Sniegon, Adam"]
[Result "1-0"]
[WhiteElo "1142"]
[BlackElo "1527"]

1.e4 e5 2.Nf3 Nc6 3.Nc3 Nf6 4.Bc4 Be7 5.d4 exd4 6.Nxd4 O-O 7.Bg5 d6 8.Qd2 
Re8 9.O-O-O a6 10.h4 Nxd4 11.Qxd4 c5 12.Qd3 b5 13.Bd5 Nxd5 14.Nxd5 Bxg5+ 
15.hxg5 Qxg5+ 16.Kb1 Rd8 17.e5 Qxe5 18.Qxh7+ Kf8 19.Qh8# 1-0

[Event "Lilla Elite Hotels Open 2015"]
[Site "Elite Stadshotellet, Vaxjo"]
[Date "2015.02.13"]
[Round "2.1"]
[White "Wetterling, Ywonne"]
[Black "Dale, Svein"]
[Result "0-1"]
[WhiteElo "1368"]
[BlackElo "1709"]

1.d4 Nf6 2.c4 e6 3.Nc3 d5 4.e3 c5 5.dxc5 Bxc5 6.Nf3 O-O 7.cxd5 exd5 8.Be2 
Nc6 9.O-O Bf5 10.a3 Rc8 11.b4 Bb6 12.Bb2 d4 13.exd4 Nxd4 14.Nxd4 Bxd4 15.
Rc1 Be5 16.Qxd8 Rfxd8 17.Ba1 Rd2 18.Bf3 Bd3 19.Rfe1 Bd4 20.Ne2 Rxc1 21.
Rxc1 Bxf2+ 22.Kxf2 Bxe2 23.Rc8+ 0-1

[Event "Lilla Elite Hotels Open 2015"]
[Site "Elite Stadshotellet, Vaxjo"]
[Date "2015.02.13"]
[Round "2.2"]
[White "Sjodin, Filip"]
[Black "Sorensen, Alva"]
[Result "1-0"]
[WhiteElo "1615"]
[BlackElo "1348"]

1.e4 c5 2.Nf3 d6 3.d4 cxd4 4.Nxd4 Nf6 5.Nc3 g6 6.Be3 Bg7 7.f3 O-O 8.Qd2 
Nc6 9.O-O-O Bd7 10.h4 h5 11.Be2 a6 12.g4 hxg4 13.fxg4 Nxg4 14.Bxg4 Bxg4 
15.Rdg1 Bh5 16.Nf5 Bf6 17.Bg5 Qd7 18.Bxf6 exf6 19.Qh6 Qxf5 20.exf5 Ne5 21.
Qxh5 Rae8 22.fxg6 fxg6 23.Rxg6+ Nxg6 24.Qxg6+ Kh8 25.Qh6+ Kg8 26.Rg1+ Kf7 
27.Rg7+ Ke6 28.Qe3+ Kf5 29.Qf3+ Ke5 30.Qe4# 1-0

[Event "Lilla Elite Hotels Open 2015"]
[Site "Elite Stadshotellet, Vaxjo"]
[Date "2015.02.13"]
[Round "2.3"]
[White "Sandgren, Per-Olov"]
[Black "Karlsson, Roger 1951"]
[Result "0-1"]
[WhiteElo "1555"]
[BlackElo "1336"]

1.f4 f5 2.Nf3 Nc6 3.d4 e6 4.e3 d5 5.a3 Nf6 6.c3 Bd7 7.b3 Ne4 8.Bb2 h6 9.
Be2 g5 10.O-O g4 11.Ne5 Nxe5 12.fxe5 Qg5 13.Bc1 O-O-O 14.g3 h5 15.c4 c6 
16.c5 Be7 17.Bd3 h4 18.Bxe4 hxg3 19.hxg3 fxe4 20.Rf4 Qh5 21.Qxg4 Qh1+ 0-1

[Event "Lilla Elite Hotels Open 2015"]
[Site "Elite Stadshotellet, Vaxjo"]
[Date "2015.02.13"]
[Round "2.5"]
[White "Polovnikova, Margo"]
[Black "Lindberg, Styrbjorn"]
[Result "1-0"]
[WhiteElo "1504"]
[BlackElo "1305"]

1.e4 e5 2.Nf3 Nc6 3.d4 Nf6 4.dxe5 Nxe5 5.Nxe5 Nxe4 6.Qe2 d5 7.f3 Nf6 8.
Nc6+ Qe7 9.Nxe7 Bxe7 10.Bg5 Be6 11.Nd2 O-O 12.O-O-O Rfe8 13.Qf2 c5 14.g4 
d4 15.Kb1 Nd5 16.Bxe7 Rxe7 17.Bd3 Rae8 18.Qh4 h6 19.g5 Ne3 20.gxh6 g6 21.
Qf6 Nf5 22.Bxf5 Bxf5 23.Qg7# 1-0

[Event "Lilla Elite Hotels Open 2015"]
[Site "Elite Stadshotellet, Vaxjo"]
[Date "2015.02.13"]
[Round "2.6"]
[White "Mossblad, Edvin"]
[Black "Forsberg, Andre"]
[Result "1-0"]
[WhiteElo "1334"]
[BlackElo "1510"]

1.c4 e5 2.Nc3 Nf6 3.e3 d5 4.d4 dxc4 5.Bxc4 exd4 6.exd4 Bd6 7.Nf3 Qe7+ 8.
Be3 Ng4 9.Nd5 Bb4+ 10.Nxb4 Qxb4+ 11.Nd2 Qxb2 12.Rb1 Qa3 13.Rb3 Qe7 14.O-O 
O-O 15.Bf4 Nc6 16.Re1 Qf6 17.Be3 Nxd4 18.Rd3 Nc6 19.Ne4 Qg6 20.Ng3 Nce5 
21.Rc3 Nxc4 22.Rxc4 c6 23.Bc5 Be6 24.Rxg4 Bxg4 25.f3 Rfd8 26.Qb3 b6 27.Be7
Re8 28.fxg4 Qxg4 29.Bb4 Qd4+ 30.Kh1 Rxe1+ 31.Bxe1 Re8 32.Bc3 Qf2 33.Qc4 b5
34.Qd3 Qxa2 35.h3 Qb3 36.Qd4 f6 37.Bd2 Qd1+ 38.Kh2 c5 39.Qd5+ Kf8 40.Qxc5+
Re7 41.Qc8+ Kf7 42.Bb4 Rd7 43.Qf8+ Kg6 44.Qe8+ Rf7 45.Qe4+ Kh6 1-0

[Event "Lilla Elite Hotels Open 2015"]
[Site "Elite Stadshotellet, Vaxjo"]
[Date "2015.02.13"]
[Round "2.7"]
[White "Morell, Adam"]
[Black "Lotinac, Seid"]
[Result "0-1"]
[WhiteElo "1300"]
[BlackElo "1471"]

1.e4 c5 2.Nf3 Nc6 3.d4 cxd4 4.Nxd4 g6 5.Be3 Bg7 6.Nc3 Nf6 7.f3 d6 8.Qd2 
Bd7 9.O-O-O a6 10.h4 b5 11.a3 Qc7 12.g4 Ne5 13.g5 Nh5 14.Rg1 e6 15.Be2 Nc4
16.Bxc4 bxc4 17.Kb1 Rb8 18.f4 O-O 19.Nde2 Qb7 20.Qc1 Bc6 21.Bd4 e5 22.Bf2 
exf4 23.Nd4 Bxe4 24.Nxe4 Qxe4 25.Rge1 Qb7 26.c3 Ng3 27.Bxg3 fxg3 28.Rg1 
Qe4+ 29.Qc2 Qxh4 30.Nf3 Qf4 31.Rdf1 Qg4 32.Rg2 Rb6 33.Ka2 Rfb8 34.Qe2 h6 
35.gxh6 Bxh6 36.Qc2 Be3 37.Qe2 Bf2 38.Rfxf2 Qf4 39.Nd4 gxf2 40.Rxf2 Rxb2+ 
41.Qxb2 Rxb2+ 42.Kxb2 Qxf2+ 0-1

[Event "Lilla Elite Hotels Open 2015"]
[Site "Elite Stadshotellet, Vaxjo"]
[Date "2015.02.13"]
[Round "2.8"]
[White "Bjorkman, Filip"]
[Black "Jorgensen, Stein"]
[Result "1-0"]
[WhiteElo "1225"]
[BlackElo "1452"]

1.e4 c5 2.Nf3 e6 3.c3 Nf6 4.Qc2 Nc6 5.Bb5 a6 6.Bxc6 bxc6 7.d4 cxd4 8.cxd4 
Bb4+ 9.Bd2 Qa5 10.O-O Bxd2 11.Nbxd2 Bb7 12.Nc4 Qc7 13.e5 Nd5 14.Nd6+ Kf8 
15.Ng5 h6 16.Nge4 g6 17.Nc5 Bc8 18.a3 Qd8 19.Qe4 Qg5 20.Qf3 Rh7 21.Nxc8 
Rxc8 22.Nxd7+ Ke7 23.Nc5 Nf4 24.Ne4 Qh4 25.Kh1 Nd5 26.Nd6 Rf8 27.Rfd1 f6 
28.Qd3 Nf4 29.Qxa6 Rd8 30.Qxc6 Qxf2 31.exf6+ Kxf6 32.Ne4+ Kf5 33.Nxf2 Rhd7
34.Qe4+ Kg5 35.Qe5+ 1-0

[Event "Lilla Elite Hotels Open 2015"]
[Site "Elite Stadshotellet, Vaxjo"]
[Date "2015.02.13"]
[Round "3.1"]
[White "Flykt, Gabriel"]
[Black "Sjodin, Filip"]
[Result "0-1"]
[WhiteElo "1375"]
[BlackElo "1615"]

1.e4 c5 2.Nf3 d6 3.Bb5+ Bd7 4.Bxd7+ Nxd7 5.c3 g6 6.d4 cxd4 7.cxd4 Bg7 8.
Nc3 a6 9.a4 Rc8 10.O-O Ngf6 11.Be3 O-O 12.Qd2 Ng4 13.Bf4 Re8 14.h3 Ngf6 
15.Bh6 Qb6 16.Rab1 e5 17.dxe5 Nxe5 18.Nxe5 Rxe5 19.Bxg7 Kxg7 20.Rfe1 Rce8 
21.Qd3 d5 22.Kf1 dxe4 23.Qe3 Qc6 24.Rbc1 Qc4+ 25.Qe2 Qxe2+ 26.Rxe2 Nd5 27.
Nxd5 Rxd5 28.Rce1 Rd4 29.b3 Rb4 30.f3 f5 31.fxe4 fxe4 32.Re3 Kf6 33.Kf2 
Kf5 34.Kg3 b5 35.axb5 axb5 36.Rf1+ Ke5 37.Rf7 h5 38.Rf2 Rd8 39.Rfe2 g5 40.
h4 g4 41.Re1 Rbd4 42.Kf2 Rd2+ 43.R1e2 Rxe2+ 44.Kxe2 Rd3 45.Rxd3 exd3+ 46.
Kxd3 Kf4 47.Kd4 Kg3 48.Kc5 Kxg2 49.Kxb5 g3 50.b4 Kh3 51.Ka6 g2 52.b5 g1=Q 
53.b6 Qxb6+ 54.Kxb6 Kxh4 55.Kc5 Kg3 56.Kd4 h4 57.Ke4 h3 58.Ke5 h2 59.Kd5 
h1=Q+ 60.Kd4 Qf3 61.Ke5 Qg4 62.Kd5 Qf4 63.Ke6 Qg5 64.Kd6 Qf5 65.Kc6 Qe5 
66.Kb6 Qd5 67.Kc7 Qe6 68.Kd8 Qf7 69.Kc8 Qe7 70.Kb8 Qd7 71.Ka8 Kf4 72.Kb8 
Ke5 73.Ka8 Kd6 74.Kb8 Kc6 75.Ka8 Qb7# 0-1

[Event "Lilla Elite Hotels Open 2015"]
[Site "Elite Stadshotellet, Vaxjo"]
[Date "2015.02.13"]
[Round "3.2"]
[White "Polovnikova, Margo"]
[Black "Wetterling, Ywonne"]
[Result "1-0"]
[WhiteElo "1504"]
[BlackElo "1368"]

1.e4 e6 2.d4 d5 3.Nc3 Bb4 4.e5 c5 5.a3 Bxc3+ 6.bxc3 c4 7.Qg4 Kf8 8.Nf3 Nd7
9.Be2 h6 10.O-O Ne7 11.Ne1 Qe8 12.f4 Nf5 13.Nf3 h5 14.Qh3 Kg8 15.Nh4 Nxh4 
16.Qxh4 f6 17.Rf3 f5 18.Rh3 g6 19.Qg5 Qf7 20.Bxh5 Kg7 21.Bxg6 Qxg6 22.
Qxg6+ 1-0

[Event "Lilla Elite Hotels Open 2015"]
[Site "Elite Stadshotellet, Vaxjo"]
[Date "2015.02.13"]
[Round "3.3"]
[White "Lotinac, Seid"]
[Black "Mossblad, Edvin"]
[Result "0-1"]
[WhiteElo "1471"]
[BlackElo "1334"]

1.e4 c5 2.Bc4 e6 3.Nc3 Nc6 4.Nf3 g6 5.d3 Bg7 6.Be3 b6 7.Qd2 Nge7 8.Rb1 d5 
9.exd5 exd5 10.Bb5 d4 11.Bg5 dxc3 12.bxc3 f6 13.Be3 O-O 14.O-O Bb7 15.Rfe1
Nf5 16.Re2 Ne5 17.Nxe5 fxe5 18.f3 Qc7 19.Bf2 Bh6 20.Qe1 Bg7 21.d4 cxd4 22.
cxd4 exd4 23.Bd3 Bc6 24.Qb4 Rae8 25.Qc4+ Kh8 26.Be4 Rf6 27.g4 Nd6 28.Qxc6 
Qxc6 29.Bxc6 Rxe2 30.Bxd4 Rfe6 31.Bf2 Rxc2 32.Bd5 Re8 33.Rd1 Nc8 34.Bb3 
Rce2 35.Bc4 R2e7 36.a4 Rc7 37.Bb5 Rf8 38.Bg3 Rc2 39.Ba6 h6 40.Bd3 Ra2 41.
Bb5 Bf6 42.Rc1 g5 43.Rc6 Kg7 44.Rc7+ Kh8 45.Ba6 Ne7 46.Rd7 Rxa4 47.Bb5 Ra5
48.Bc4 Nc6 49.Rd6 Nd4 50.Kf2 Rc5 51.Bd3 Nb3 52.Rd7 Rd8 53.Rxd8+ Bxd8 54.
Bd6 Rd5 55.Bc4 Rxd6 56.Bxb3 a5 57.Bc2 Bf6 58.Ke2 b5 59.Bd3 b4 60.Bb5 b3 
61.h3 b2 62.Bd3 a4 0-1

[Event "Lilla Elite Hotels Open 2015"]
[Site "Elite Stadshotellet, Vaxjo"]
[Date "2015.02.13"]
[Round "3.4"]
[White "Karlsson, Roger 1951"]
[Black "Akke, Mattias"]
[Result "0-1"]
[WhiteElo "1336"]
[BlackElo "1399"]

1.e4 c5 2.Nf3 d6 3.d4 cxd4 4.Nxd4 Nf6 5.Nc3 g6 6.Be3 Bg7 7.Be2 O-O 8.O-O 
Nc6 9.Qd2 Qc7 10.Ncb5 Nxe4 11.Nxc7 Nxd2 12.Bxd2 Nxd4 13.Bd3 Rb8 14.c3 Ne6 
15.Nd5 Bf6 16.Nxf6+ exf6 17.Bh6 Rd8 18.b4 b6 19.Rfe1 Bb7 20.Bc4 d5 21.Bb3 
g5 22.Rad1 Rbc8 23.Rd3 Nf4 24.Rde3 a5 25.Re7 Bc6 26.bxa5 bxa5 27.a4 Re8 
28.Rxe8+ Rxe8 29.Rxe8+ Bxe8 30.g3 Ne2+ 31.Kg2 Nxc3 32.h4 gxh4 33.gxh4 Bxa4
34.Bxa4 Nxa4 35.Bd2 Nc5 36.Bxa5 Kg7 37.Kf3 Kg6 38.Bc3 Ne4 39.Bd4 Kh5 40.
Ke3 Kxh4 41.f3 Nd6 42.Bxf6+ Kg3 43.Be5+ Kh4 44.Bxd6 h5 45.f4 Kg4 46.Kd4 h4
47.Kxd5 h3 48.f5 Kxf5 49.Kd4 Kg4 50.Kd5 f5 51.Kd4 f4 52.Ke4 h2 53.Bxf4 
h1=Q+ 0-1

[Event "Lilla Elite Hotels Open 2015"]
[Site "Elite Stadshotellet, Vaxjo"]
[Date "2015.02.13"]
[Round "3.5"]
[White "Johansson, Krister"]
[Black "Sixt, Joar"]
[Result "0-1"]
[WhiteElo "1575"]
[BlackElo "1356"]

1.Nf3 d5 2.g3 Nc6 3.Bg2 e5 4.d3 Nf6 5.Nbd2 Bc5 6.O-O O-O 7.e4 dxe4 8.dxe4 
Bg4 9.Qe1 Re8 10.a3 Nd4 11.Nxd4 Bxd4 12.c3 Bc5 13.b4 Bd6 14.Nc4 Qd7 15.Bg5
Qe6 16.Ne3 Nd7 17.Nxg4 Qxg4 18.Be3 a5 19.h3 Qe6 20.Qd2 axb4 21.axb4 Rxa1 
22.Rxa1 Nb6 23.Bxb6 cxb6 24.Qd5 Qxd5 25.exd5 g6 26.Ra7 Re7 27.g4 Rc7 28.
Ra8+ Kg7 29.Rd8 Bf8 30.d6 Rxc3 31.d7 Rd3 32.Bxb7 Be7 33.Rb8 Rxd7 34.Bc6 
Rd1+ 35.Kg2 Bxb4 36.Rxb6 Bc5 37.Rb2 Rd6 38.Be4 Bd4 39.Rd2 Kf6 40.h4 h6 41.
Kg3 g5 42.h5 Rb6 43.f3 0-1

[Event "Lilla Elite Hotels Open 2015"]
[Site "Elite Stadshotellet, Vaxjo"]
[Date "2015.02.13"]
[Round "3.6"]
[White "Pietarinen, Alexander"]
[Black "Bjorkman, Filip"]
[Result "1/2-1/2"]
[WhiteElo "1390"]
[BlackElo "1225"]

1.Nf3 b6 2.d4 Bb7 3.g3 e6 4.Bg2 d5 5.Bf4 Bd6 6.Bxd6 Qxd6 7.O-O c5 8.c3 Nd7
9.Nbd2 Ngf6 10.Qc2 a5 11.a4 Ba6 12.Rfe1 O-O 13.Rac1 b5 14.Qb3 c4 15.Qc2 
Rfb8 16.axb5 Bxb5 17.Ra1 a4 18.Reb1 Rb7 19.Nh4 Nb8 20.f4 Nc6 21.Nhf3 Na5 
22.Qd1 Nd7 23.Ne5 f6 24.Nxd7 Bxd7 25.e4 Rab8 26.Ra2 Nb3 27.Nxb3 Rxb3 28.
Qc1 Kf8 29.e5 Qb6 30.Bf3 a3 31.Bd1 Rxb2 32.Rbxb2 axb2 33.Qb1 Be8 34.Bc2 
Bh5 35.Kf2 Bg4 36.Ke3 fxe5 37.fxe5 g6 38.Kd2 Kg7 39.Ra4 Rf8 40.Ke1 Bh3 41.
Rb4 Qd8 42.Rb7+ Kh6 43.Qxb2 Qg5 44.Bd1 Qe3+ 45.Qe2 Rf1# 1/2-1/2

[Event "Lilla Elite Hotels Open 2015"]
[Site "Elite Stadshotellet, Vaxjo"]
[Date "2015.02.13"]
[Round "3.8"]
[White "Dale, Svein"]
[Black "Jernberg, Christopher"]
[Result "1-0"]
[WhiteElo "1709"]
[BlackElo "1196"]

1.e4 e5 2.Nf3 Nc6 3.c3 Nf6 4.d4 exd4 5.e5 Ng4 6.cxd4 Bb4+ 7.Nc3 O-O 8.h3 
Nxf2 9.Kxf2 d6 10.Bg5 Qd7 11.Bc4 h6 12.Bh4 dxe5 13.Nxe5 Nxe5 14.dxe5 Qf5+ 
15.Qf3 Bc5+ 16.Kf1 Qxe5 17.Bg3 Qe7 18.Re1 Be6 19.Nd5 Qd7 20.Rd1 Qa4 21.Bb3
Qb5+ 22.Qd3 Qc6 23.Nf4 Bxb3 24.Qxb3 Qa6+ 25.Qd3 Qxa2 26.Bf2 Bxf2 27.Kxf2 
Qxb2+ 28.Rd2 Qb6+ 29.Kg3 c6 30.Rf1 Qc7 31.Kh2 g5 32.Qg3 Kh7 33.Nh5 Qxg3+ 
34.Kxg3 Kg6 35.Nf6 b5 36.Rd6 Kg7 37.Rxc6 a5 38.Nh5+ Kh7 39.Rff6 Rae8 40.
Rxh6+ Kg8 41.Nf6+ Kg7 42.Nxe8+ Rxe8 43.Rh5 f6 44.Rc7+ Kg6 45.Rhh7 a4 46.
Kf3 a3 47.Rhg7+ Kf5 48.Rc5+ Re5 49.Rxe5+ Kxe5 50.Rb7 a2 51.Ra7 Kd4 52.Rxa2
Kc4 53.Kg4 b4 54.Ra4 Kb5 55.Rxb4+ Kxb4 56.Kf5 Kc5 57.Kxf6 Kd6 58.Kxg5 Ke7 
59.h4 Kf7 60.g4 Kg7 61.h5 Kh7 62.Kh4 Kg7 63.g5 Kh7 64.Kg4 Kg7 65.Kf5 Kf7 
66.h6 Kg8 67.Kg6 Kh8 68.Kh5 Kh7 69.g6+ Kg8 70.Kg5 Kh8 71.Kf6 Kg8 72.h7+ 
Kh8 73.g7+ Kxh7 74.Kf7 Kh6 75.g8=Q Kh5 76.Qg3 Kh6 77.Qg6# 1-0

[Event "Lilla Elite Hotels Open 2015"]
[Site "Elite Stadshotellet, Vaxjo"]
[Date "2015.02.13"]
[Round "4.1"]
[White "Sjodin, Filip"]
[Black "Bjorkman, Filip"]
[Result "0-1"]
[WhiteElo "1615"]
[BlackElo "1225"]

1.e4 Nf6 2.e5 Nd5 3.d4 d6 4.exd6 cxd6 5.c4 Nb6 6.Be2 Bf5 7.Nc3 e6 8.Nf3 
Be7 9.Nd2 Nc6 10.Nb3 Nb4 11.O-O Nc2 12.Rb1 Nb4 13.Ra1 Nc2 14.Rb1 Rc8 15.c5
dxc5 16.dxc5 Qxd1 17.Rxd1 Bxc5 18.Nxc5 Rxc5 19.Bd3 Bxd3 20.Rxd3 Nb4 21.Rd4
Nc6 22.Rg4 O-O 23.Ne4 Rxc1+ 24.Rxc1 f5 25.Rh4 fxe4 26.Rxe4 Re8 27.a3 h6 
28.f4 Kf7 29.Kf2 Nd5 30.b4 a6 31.g4 Nf6 32.Re2 Nxg4+ 33.Kg3 Nf6 34.h3 Re7 
35.Rd1 Nh5+ 36.Kf3 Nf6 37.Rb2 Nd5 38.Rb3 Rc7 39.f5 Nf6 40.fxe6+ Kxe6 41.b5
Ne5+ 42.Kg2 Nd5 43.bxa6 bxa6 44.Rg3 Rc2+ 45.Kh1 g5 46.a4 Rc4 47.Ra3 a5 48.
Rf1 Nb6 49.Rfa1 Rd4 50.Rb3 Nbc4 51.Rb8 Kf5 52.Rf8+ Kg6 53.Rb8 Rd2 54.Rf1 
Ne3 55.Rb6+ Kh5 56.Rf8 Rd1+ 57.Kh2 N5c4 58.Ra6 Rd2+ 59.Kg1 Rg2+ 60.Kh1 Rg3
61.Kh2 Rg2+ 62.Kh1 Rd2 63.Rff6 Kh4 64.Rae6 0-1

[Event "Lilla Elite Hotels Open 2015"]
[Site "Elite Stadshotellet, Vaxjo"]
[Date "2015.02.13"]
[Round "4.2"]
[White "Akke, Mattias"]
[Black "Polovnikova, Margo"]
[Result "0-1"]
[WhiteElo "1399"]
[BlackElo "1504"]

1.d4 f5 2.Nf3 Nf6 3.c4 g6 4.e3 Bg7 5.Nc3 O-O 6.g3 d6 7.Bg2 Nbd7 8.d5 Nc5 
9.b4 Nce4 10.Nxe4 Nxe4 11.Nd2 Bxa1 12.Nxe4 fxe4 13.Bxe4 Bg7 14.Qc2 Bf5 15.
h4 Bxe4 16.Qxe4 Bc3+ 17.Ke2 Qe8 18.g4 Qf7 19.f4 Rae8 20.Rg1 e6 21.Qd3 Bg7 
22.Bd2 exd5 23.Bc3 dxc4 24.Qc2 Qxf4 25.Bxg7 Qxe3+ 26.Kd1 Qxg1+ 27.Kd2 Qe1#
0-1

[Event "Lilla Elite Hotels Open 2015"]
[Site "Elite Stadshotellet, Vaxjo"]
[Date "2015.02.13"]
[Round "4.4"]
[White "Sixt, Joar"]
[Black "Dale, Svein"]
[Result "0-1"]
[WhiteElo "1356"]
[BlackElo "1709"]

1.d4 e6 2.e4 d5 3.exd5 exd5 4.Nf3 h6 5.Nc3 Nf6 6.Be3 Bd6 7.Bd3 Nc6 8.O-O 
Be6 9.Re1 a6 10.Nh4 Qd7 11.a3 O-O-O 12.b4 g5 13.Nf3 g4 14.Nh4 h5 15.g3 Be7
16.a4 Nh7 17.b5 Nb4 18.bxa6 Nxa6 19.Bxa6 bxa6 20.Ng2 Ng5 21.Bxg5 Bxg5 22.
Qe2 Qd6 23.Qe5 Qe7 24.Qe2 Rd6 25.f3 gxf3 26.Qxf3 Qd7 27.h4 Bg4 28.Qd3 Bf6 
29.Rab1 Re8 30.Rxe8+ Qxe8 31.Nxd5 Qxa4 32.Nxf6 Rxf6 33.Qe4 Re6 34.Qb7+ Kd7
35.Qd5+ Ke7 36.Qg5+ Kd6 37.Qc5+ Kd7 38.Qd5+ Ke7 39.Qg5+ f6 40.Qc5+ Kf7 41.
Qxc7+ Re7 42.Qd6 Rd7 43.Rb7 Rxb7 44.Qd5+ Kg6 45.Qxb7 Qxd4+ 46.Kh2 Qc4 47.
Nf4+ Kh6 48.Qb6 Qxc2+ 49.Ng2 Kg6 50.Kg1 Qd1+ 51.Kf2 Qe2+ 52.Kg1 Qd1+ 53.
Kh2 Qe2 54.Qb1+ Bf5 55.Qc1 Be4 56.Qg1 Qxg2+ 57.Qxg2 Bxg2 58.Kxg2 Kf5 59.
Kf3 a5 60.Ke3 Kg4 61.Kd4 Kxg3 62.Kc4 f5 63.Kb5 f4 64.Kxa5 f3 65.Kb5 f2 66.
Kc5 f1=Q 67.Kd5 Kxh4 68.Ke5 Kg4 69.Kd5 h4 70.Ke4 h3 71.Kd5 h2 72.Ke4 h1=Q+
73.Kd4 Qf4+ 74.Kc5 Qhc1+ 75.Kd5 Qcc4# 0-1

[Event "Lilla Elite Hotels Open 2015"]
[Site "Elite Stadshotellet, Vaxjo"]
[Date "2015.02.13"]
[Round "4.5"]
[White "Wetterling, Ywonne"]
[Black "Johansson, Krister"]
[Result "1/2-1/2"]
[WhiteElo "1368"]
[BlackElo "1575"]

1.d4 Nf6 2.c4 e5 3.dxe5 Ng4 4.Nf3 Nc6 5.e3 Ncxe5 6.Nxe5 Nxe5 7.Nc3 Bb4 8.
Bd2 d6 9.a3 Ba5 10.b4 Bb6 11.Nd5 c6 12.Nxb6 axb6 13.Bc3 Qe7 14.Be2 Be6 15.
Bxe5 dxe5 16.Qc2 O-O 17.O-O f5 18.Rfd1 Rad8 19.Rxd8 Rxd8 20.Rd1 Kf7 21.
Rxd8 Qxd8 22.Qd3 Qxd3 23.Bxd3 c5 24.b5 e4 25.Be2 Kf6 26.g3 Ke5 27.Kf1 g5 
28.Ke1 f4 29.Kd2 f3 30.Bf1 h5 31.h3 h4 32.g4 1/2-1/2

[Event "Lilla Elite Hotels Open 2015"]
[Site "Elite Stadshotellet, Vaxjo"]
[Date "2015.02.13"]
[Round "4.6"]
[White "Sandgren, Per-Olov"]
[Black "Sorensen, Alva"]
[Result "1-0"]
[WhiteElo "1555"]
[BlackElo "1348"]

1.e4 d5 2.exd5 Qxd5 3.Nc3 Qa5 4.Nf3 Nf6 5.d4 c6 6.Bd2 Nbd7 7.Nb5 Qd8 8.Nc3
e6 9.Bg5 Bb4 10.Qd2 h6 11.Bh4 Qa5 12.Bc4 Ne4 13.Qe3 Nxc3 14.O-O Nd5 15.
Bxd5 Qxd5 16.Qf4 Bd6 17.Qg4 O-O 18.Qh3 Qf5 19.g4 Qxc2 20.Bg5 Qg6 21.Be3 
Nf6 22.g5 e5 23.Kh1 Bxh3 24.Rg1 Qe4 25.gxh6 Qxf3+ 1-0

[Event "Lilla Elite Hotels Open 2015"]
[Site "Elite Stadshotellet, Vaxjo"]
[Date "2015.02.13"]
[Round "4.7"]
[White "Sniegon, Adam"]
[Black "Karlsson, Roger 1951"]
[Result "1-0"]
[WhiteElo "1527"]
[BlackElo "1336"]

1.d4 d5 2.c4 Nf6 3.cxd5 Nxd5 4.Nf3 Nc6 5.e4 Nf6 6.Nc3 e6 7.Bg5 Be7 8.Be2 
h6 9.Bh4 Qd6 10.O-O Nh7 11.Bg3 e5 12.Nb5 Qd7 13.dxe5 O-O 14.Qxd7 Bxd7 15.
e6 Bxe6 16.Nxc7 Rac8 17.Nxe6 fxe6 18.Bc4 Nd8 19.Bb3 Nf6 20.Rfe1 Nc6 21.
Bxe6+ Kh8 22.Bxc8 Rxc8 23.Rac1 Rd8 24.h3 Nh5 25.Nh4 Kh7 26.Nf5 Bb4 27.Red1
Rxd1+ 28.Rxd1 Nxg3 29.Nxg3 Ne7 30.Rd7 a5 31.Rxb7 Nc6 32.a3 Bd2 33.Rd7 Bf4 
34.Rd1 Be5 35.Ne2 Bxb2 36.a4 Ne5 37.f4 Nc6 38.e5 Kg6 39.g4 Kf7 40.Rd7+ Kf8
1-0

[Event "Lilla Elite Hotels Open 2015"]
[Site "Elite Stadshotellet, Vaxjo"]
[Date "2015.02.13"]
[Round "4.8"]
[White "Morell, Adam"]
[Black "Forsberg, Andre"]
[Result "0-1"]
[WhiteElo "1300"]
[BlackElo "1510"]

1.e4 e5 2.Nf3 Nc6 3.Bc4 Bc5 4.c3 Nf6 5.d4 exd4 6.cxd4 Bb4+ 7.Nc3 Nxe4 8.
O-O Bxc3 9.bxc3 O-O 10.Ba3 d6 11.Qc2 Bf5 12.Rfe1 Ng3 13.Qb3 Na5 14.Qb4 
Nxc4 15.Qxc4 Nh5 16.Re3 Re8 17.Rae1 Rxe3 18.Rxe3 Nf6 19.Qe2 Nd5 20.h4 Nxe3
21.Qxe3 Qe8 22.Qf4 Bg6 23.g4 Qe4 24.Qg3 Qb1+ 25.Kg2 Qxa2 26.Bb4 a5 27.Bxd6
cxd6 28.Qxd6 Be4 29.Kg3 Bxf3 30.Kxf3 Qc4 31.Qa3 Qd3+ 32.Kg2 Qe4+ 33.f3 
Qe2+ 34.Kg3 Qe1+ 35.Kh3 Qf2 36.c4 Qxd4 37.Qb3 b6 38.Qb5 Rc8 39.Kg3 h6 40.
h5 Qxc4 41.Qxb6 Qc7+ 42.Kh3 Qxb6 0-1

[Event "Lilla Elite Hotels Open 2015"]
[Site "Elite Stadshotellet, Vaxjo"]
[Date "2015.02.14"]
[Round "5.1"]
[White "Polovnikova, Margo"]
[Black "Mossblad, Edvin"]
[Result "1-0"]
[WhiteElo "1504"]
[BlackElo "1334"]

1.e4 c5 2.f4 e6 3.Nf3 d5 4.exd5 exd5 5.Bb5+ Bd7 6.Bxd7+ Nxd7 7.O-O Nb6 8.
Nc3 d4 9.Ne4 Nf6 10.d3 Nxe4 11.dxe4 Bd6 12.e5 Bc7 13.f5 Qd5 14.e6 O-O-O 
15.Ng5 Rdf8 16.Nxf7 Rxf7 17.exf7 Qxf7 18.Qg4 Kb8 19.Bf4 Nd5 20.Bxc7+ Kxc7 
21.Qg3+ Kc8 22.Qd6 b6 23.Qe6+ Qxe6 24.fxe6 Re8 25.Rae1 Ne3 26.Rf2 Rxe6 27.
c3 Rg6 28.cxd4 cxd4 29.Rd2 h5 30.g3 Nf5 31.Re4 Kb7 32.Rf4 Rf6 33.h3 Kc6 
34.g4 hxg4 35.hxg4 Nh6 36.Rxf6+ gxf6 37.Rxd4 Kc5 38.Rf4 Ng8 39.Kf2 Kd5 40.
Kg3 Ke5 41.Ra4 a5 42.b4 axb4 43.Rxb4 Ne7 44.Rxb6 f5 45.g5 f4+ 46.Kf3 Kf5 
47.Rf6+ Kxg5 48.Rxf4 Nd5 49.Rc4 Kf6 50.Ke4 Nb6 51.Rc6+ 1-0